Countries That Have Never Won An Olympic Medal - Statistics

General Stats
  • This quiz has been taken 56 times
    32 since last reset
  • The average score is 53 of 64
Answer Stats
Olympic Division Country % Correct
Europe Andorra
96%
Africa Equatorial Guinea
96%
Africa Rwanda
96%
Africa Comoros
92%
Africa Gambia
92%
Africa Lesotho
92%
Oceania Nauru
92%
Americas St. Kitts & Nevis
92%
Oceania Tuvalu
92%
Americas Antigua & Barbuda
88%
Americas Belize
88%
Asia Bhutan
88%
Oceania F.S. Micronesia
88%
Africa Guinea
88%
Africa Guinea-Bissau
88%
Africa Liberia
88%
Africa Sao Tome & Principe
88%
Americas St. Vincent & the Grenadines
88%
Oceania Vanuatu
88%
Asia Yemen
88%
Africa Benin
85%
Africa Cape Verde
85%
Africa Chad
85%
Africa Democratic Republic of the Congo
85%
Americas Dominica
85%
Africa Eswatini
85%
Oceania Kiribati
85%
Africa Libya
85%
Africa Malawi
85%
Africa Mali
85%
Oceania Marshall Islands
85%
Africa Mauritania
85%
Asia Nepal
85%
Asia Oman
85%
Oceania Palau
85%
Africa Seychelles
85%
Africa Sierra Leone
85%
Oceania Solomon Islands
85%
Americas St. Lucia
85%
Europe Albania
81%
Africa Angola
81%
Asia Bangladesh
81%
Asia Brunei
81%
Americas El Salvador
81%
Asia Laos
81%
Africa Republic of the Congo
81%
Asia Cambodia
77%
Africa Central African Republic
77%
Africa Madagascar
77%
Europe Monaco
77%
Asia Myanmar
77%
Americas Nicaragua
77%
Europe San Marino
77%
Africa Somalia
77%
Africa South Sudan
77%
Europe Bosnia & Herzegovina
73%
Americas Honduras
73%
Oceania Papua New Guinea
73%
Asia East Timor
69%
Asia Maldives
69%
Europe Malta
69%
Africa Burkina Faso
65%
Americas Bolivia
58%
Asia Turkmenistan
50%
No matching quizzes found
Score Distribution
Percent of People with Each Score
Percentile by Number Answered
Your Score History
You have not taken this quiz since the last reset